Pojištění portfolia

Teoretické a praktické aspekty techniky poistenia portfólia. Poistenie pomocou opcií a futures. Použitie sekvenciálnej opčnej stratégie. Dynamický hedging. Problémy praktického použitia (dividendy, úroková miera, volatilita, cenové skoky, zle určené ceny, transakčné náklady).

Gespeichert in:
Bibliographische Detailangaben
1. Verfasser: Málek, J.
Format: Buchkapitel
Sprache:Tschechisch
Schlagworte:
Tags: Tag hinzufügen
Keine Tags, Fügen Sie das erste Tag hinzu!

MARC

LEADER 00000naa a2200000 4500
001 r023263
005 20230908090235.1
041 0 |a cze 
044 |a CZ 
245 1 0 |a Pojištění portfolia  |c J. Málek 
520 |a Teoretické a praktické aspekty techniky poistenia portfólia. Poistenie pomocou opcií a futures. Použitie sekvenciálnej opčnej stratégie. Dynamický hedging. Problémy praktického použitia (dividendy, úroková miera, volatilita, cenové skoky, zle určené ceny, transakčné náklady). 
610 2 0 |a portfólio 
610 2 0 |a poistenie 
610 2 0 |a riziko 
610 2 0 |a opcie 
610 2 0 |a futurity 
610 2 0 |a hedging 
100 1 |a Málek, J.